01075nam a22002535i 450000100090000000300100000900500170001900800410003602000180007703500230009504000230011808200270014110000210016824500860018925000110027526400460028630000350033233600210036733700250038833800230041349000410043652002400047765001040071717910707ZMCNVGJHT20220326193253.0131011s2012 cr 000 0 spa  a9789968681056 a(NcChVT)VT132CR078 aDLCbengcDLCerda a327.728.607.285bD633i1 aDobles, Ignacio.10aIsla Calero :bnacionalismo, conflicto, discursos /cIgnacio Dobles ... [et al.]. a1a ed. 1aSan José :bEditorial Arlekín,c2012. a125 pages ;c21 cm.bill (col) atext2rdacontent aunmediated2rdamedia avolume2rdacarrier0 aColección Apócrifos Auténticos aThe history and current dispute over Calero Island on the San Juan estuary between Costa Rica and Nicaragua. The book traces the history of the dispute, recent cases and conflict, and assesses growing nationalism exacerbating tensions. xCosta Rica-relaciones exteriores-NicaraguayCosta Rica-limites-NicaraguazIsla CalerozRio San Juan